| 000 | 00864nam a2200253 a 4500 | ||
|---|---|---|---|
| 001 | 000048933 | ||
| 003 | OSt | ||
| 005 | 20201111114736.0 | ||
| 008 | 181010s2011 dr r 000 0 spa d | ||
| 020 | _a9789945442526 | ||
| 040 |
_aDO-SdBNP _bspa _cBNPHU |
||
| 082 |
_axxxx _bP592m |
||
| 100 | 1 |
_aPichardo, Rafael _975503 |
|
| 245 | 1 | 0 |
_aMis vivencias con los carbohidratos : _bdietas para el síndrome metabólico / _cRafael Pichardo ; prólogo Felix Ml. Escaño Polanco, Rafael Pichardo. |
| 250 | _a3a. ed. | ||
| 260 |
_aSanto Domingo : _b[Taller], _c2011. |
||
| 300 |
_a206 p. ; _c23 cm. |
||
| 500 | _aIncluye datos biográficos del autor en las solapas | ||
| 504 | _aBibliografía : p. 203-206 | ||
| 590 | _aInventariado, 2019/YL | ||
| 700 | 1 | 2 |
_aPichardo, Rafael _eprol. _975503 |
| 700 | 1 |
_aEscaño Polanco, Felix Ml., _epról. _936788 |
|
| 942 |
_2ddc _cLBS1 |
||
| 999 |
_c48421 _d48421 |
||